| 000 | 00000nas 2200000za 4500 |
| 001 | 9.805972 |
| 003 | CaOODSP |
| 005 | 20221107135801 |
| 007 | cr ||||||||||| |
| 008 | 151116d19661971oncmr p oss f000#a0eng|d |
| 022 | |y0837-8517 |
| 040 | |aCaOODSP|beng |
| 043 | |an-cn--- |
| 086 | 1 |aCS72-002E-PDF |
| 245 | 00|aEmployment and average weekly wages and salaries |h[electronic resource] / |cDominion Bureau of Statistics, Labour Division, Employment Section. |
| 260 | |a[Ottawa] : |bThe Section, |c1966-1971. |
| 310 | |aMonthly |
| 362 | 0 |aVol. 44, no. 1 (Jan. 1966)-v. 49, no. 2 (Feb. 1971). |
| 500 | |aDigitized edition from print [produced by Statistics Canada]. |
| 580 | |aMerged with: Man-hours and hourly earnings with average weekly wages; to become: Employment, earnings and hours (1971). |
| 692 | 07|2gccst|aLabour force |
| 710 | 1 |aCanada. |bDominion Bureau of Statistics. |bEmployment Section. |
| 780 | 00|tEmployment and payrolls with average weekly earnings |w(CaOODSP)9.805961 |
| 785 | 00|tEmployment, earnings and hours |w(CaOODSP)9.805976 |